146->Bytom Dworzec - Statystyki

Ogólne statystyki
  • Ten quiz został rozwiązany 10 razy
  • Średni wynik to 13 z 37
Statystyki odpowiedzi
Miasto Przystanek % Poprawnych
Bytom Bytom Dworzec
78%
Ruda Śląska Halemba Pętla
78%
Bytom Szombierki Kopalnia
78%
Bytom Szombierki Osiedle
78%
Bytom Szombierki Kościół
67%
Bytom Szombierki Ratusz
67%
Ruda Śląska Godula Inkubator
56%
Ruda Śląska Godula Osiedle
44%
Ruda Śląska Ruda Park Kozioła
44%
Bytom Szombierki Młyn
44%
Ruda Śląska Godula Osiedle Paryż
33%
Ruda Śląska Godula Plac Niepodległości
33%
Ruda Śląska Halemba Kościół
33%
Ruda Śląska Nowy Bytom Centrum
33%
Ruda Śląska Orzegów Orzegowska
33%
Ruda Śląska Wirek Kopalnia Pokój
33%
Ruda Śląska Czarny Las Stacja Paliw
22%
Ruda Śląska Halemba 1 Maja
22%
Ruda Śląska Halemba Energetyków
22%
Ruda Śląska Halemba Solidarności
22%
Ruda Śląska Halemba Wawrzynek
22%
Ruda Śląska Nowy Bytom Zakłady Odzieżowe
22%
Ruda Śląska Orzegów Most
22%
Ruda Śląska Ruda Matejki
22%
Ruda Śląska Ruda Muzeum
22%
Ruda Śląska Ruda Południowa
22%
Ruda Śląska Ruda Szkoła
22%
Ruda Śląska Ruda Wolności
22%
Bytom Szombierki Godulska
22%
Ruda Śląska Wirek Odrodzenia
22%
Ruda Śląska Wirek Przejazd Kolejowy
22%
Ruda Śląska Wirek Ratusz
22%
Ruda Śląska Wirek Stadion
22%
Ruda Śląska Ruda 1 Maja
11%
Ruda Śląska Ruda Starowiejska
11%
Ruda Śląska Ruda Zamet
11%
Bytom Szombierki Powstańców Warszawskich
11%
Nie znaleziono quizów pasujących do podanych kryteriów
Rozkład punktacji
Procent ludzi z każdym wynikiem
Percentyl według liczby udzielonych odpowiedzi
Twoja historia wyników
Nie rozwiązałeś tego quizu